Romanian: Time - Statistics

General Stats
  • This quiz has been taken 27 times
    16 since last reset
  • The average score is 41 of 65
Answer Stats
Română English % Correct
După After
100%
După-amiază Afternoon
100%
Dată Date
100%
Ajun Eve
100%
Seară Evening
100%
Oră Hour
100%
Milisecundă Millisecond
100%
Minut Minute
100%
Moment Moment
100%
Dimineață Morning
100%
Noapte Night
100%
Perioadă Period
100%
Prezent Present
100%
Secundă Second
100%
Timp Time
100%
Săptămână Week
100%
Sfârșit de săptămână Weekend
100%
An Year
100%
Toată după-amiaza All afternoon
75%
Toată dimineața All morning
75%
Toată noaptea All night
75%
Zi Day
75%
Decadă/Deceniu Decade
75%
Eon Eon
75%
Viitor Future
75%
Lună trecută/Ultima lună/Lună precedentă Last month
75%
Săptămâna trecută/Săptămâna precedentă/Ultima săptămână Last week
75%
Anul trecut/Anul precedentă Last year
75%
Lună (also moon) Month
75%
Lună viitoare/Lună următoare/Următoarea lună Next month
75%
Săptămâna viitoare/Săptămâna următoare/Următoarea săptămână Next week
75%
Anul viitor/Anul următor/Următorul an Next year
75%
Acum Now
75%
Trecut Past
75%
Astăzi Today
75%
Mâine Tomorrow
75%
Mâine după-amiază Tomorrow afternoon
75%
Mâine dimineață Tomorrow morning
75%
Mâine seară Tomorrow night
75%
Ieri Yesterday
75%
Înainte/Mai înainte Before
50%
Durată Duration
50%
Epocă Epoch
50%
Noaptea trecută Last night
50%
Ultima dată/Ultima oară/Dată trecută Last time
50%
Dată viitoare/Următoarea dată Next time
50%
Răsărit/Răsărit de soare Sunrise
50%
Apus/Apus de soare Sunset
50%
Diseară/În seara aceasta Tonight
50%
Quinzaine/Două săptămâni Fortnight
25%
Miezul nopții Midnight
25%
Mileniu Millenia
25%
Amiază (also midday) Noon
25%
Peste noapte Overnight
25%
Amurg Twilight
25%
Oră de culcare/Culcare Bedtime
0%
Secol Century
0%
Amiază/Zori/Zorii zilei Dawn
0%
Înserare Dusk
0%
An bisect Leap year
0%
Ore suplimentare Overtime
0%
Penumbră Penumbra
0%
Interval de timp Time span
0%
Fus orar Timezone
0%
Zi lucrătoare/Zi de lucru (also weekday) Workday
0%
No matching quizzes found
Score Distribution
Percent of People with Each Score
Percentile by Number Answered
Your Score History
You have not taken this quiz since the last reset